[Event "Aberto Brasil - II Niterói Chess Open "]
[Site "Salão de Convenções do Hot"]
[Date "2022.09.06"]
[Round "8.76"]
[White "Salotti, Thiago Maida"]
[Black "Da Silva, Jose Almir Martins"]
[Result "0-1"]
[WhiteElo "1390"]
[BlackElo "1912"]
[PlyCount "132"]
[EventDate "2022.09.01"]
[EventRounds "9"]
[EventCountry "BRA"]

1. e4 d6 2. Nf3 c5 3. g3 Nc6 4. c3 Nf6 5. d3 g6 6. Bg2 Bg7 7. O-O O-O 8. Re1
Bg4 9. Bg5 h6 10. Be3 Ne5 11. h3 Nxf3+ 12. Bxf3 Bxh3 13. e5 dxe5 14. Bxc5 b6
15. Bxa8 Qxa8 16. f3 bxc5 17. Rxe5 e6 18. Rxc5 Qb8 19. Kh2 Nh5 20. Rxh5 gxh5
21. Kxh3 Qxb2 22. Nd2 Bxc3 23. Nb3 Qf2 24. Rc1 h4 25. Qg1 hxg3 26. Qxg3+ Qxg3+
27. Kxg3 Rc8 28. Rd1 Be5+ 29. f4 Bf6 30. Rd2 Kh7 31. Na5 Bc3 32. Re2 Bxa5 33.
Kg4 Rc5 34. d4 h5+ 35. Kf3 Rc3+ 36. Ke4 Bc7 37. f5 exf5+ 38. Kxf5 Kh6 39. Re8
Rf3+ 40. Ke4 Rf4+ 41. Ke3 Rf6 42. Rc8 Rc6 43. Ke4 Re6+ 44. Kf5 Bb6 45. d5 Rd6
46. Ke5 Rd8 47. Rc6+ Kg5 48. d6 h4 49. Rc2 h3 50. Rc3 Kg4 51. Rc4+ Kf3 52. Rf4+
Kg2 53. Rg4+ Kh2 54. a4 Bc5 55. Ke4 Rxd6 56. Kf3 Rd3+ 57. Ke2 Re3+ 58. Kf1 Rf3+
59. Ke2 Rg3 60. Rc4 Bb6 61. Kf1 Rf3+ 62. Ke2 Rf2+ 63. Ke1 Kg1 64. Rg4+ Rg2 65.
Rf4 Bf2+ 66. Kd1 h2 0-1

[Event "Aberto Brasil - II Niterói Chess Open "]
[Site "Salão de Convenções do Hot"]
[Date "2022.09.06"]
[Round "8.78"]
[White "Carlos, Roberta Souto"]
[Black "Barberi, Catarina"]
[Result "1-0"]
[WhiteElo "1686"]
[BlackElo "1304"]
[PlyCount "91"]
[EventDate "2022.09.01"]
[EventRounds "9"]
[EventCountry "BRA"]

1. e4 c5 2. c3 e6 3. d4 cxd4 4. cxd4 Nf6 5. e5 Nd5 6. Nc3 Bb4 7. Bd2 Nxc3 8.
bxc3 Ba5 9. Nf3 h6 10. Bd3 d5 11. O-O Nc6 12. Qe2 Bd7 13. Rab1 Bb6 14. h3 Rc8
15. Nh2 Ne7 16. Qg4 g6 17. Qf3 Bc6 18. Ng4 Ng8 19. Qg3 Qe7 20. f4 Bd8 21. Ne3
Qh4 22. Qf3 h5 23. f5 gxf5 24. Bxf5 Nh6 25. Bd3 Rg8 26. Nc2 Bg5 27. Be1 Qf4 28.
Qxf4 Bxf4 29. Rxf4 Rg7 30. Bd2 Kd7 31. Rbf1 Rcg8 32. R4f2 Nf5 33. Bxf5 exf5 34.
h4 Kc7 35. Nb4 Bb5 36. Nxd5+ Kd8 37. Bg5+ Rxg5 38. hxg5 Bxf1 39. Kxf1 Rxg5 40.
Ne3 Kd7 41. Rxf5 Rxf5+ 42. Nxf5 Ke6 43. Ne3 f6 44. exf6 Kxf6 45. Kf2 Ke6 46.
Kf3 1-0

[Event "Aberto Brasil - II Niterói Chess Open "]
[Site "Salão de Convenções do Hot"]
[Date "2022.09.06"]
[Round "8.79"]
[White "Pavao, Alice Lara Biasi"]
[Black "Motta, Vinicius Araujo Dia"]
[Result "1-0"]
[WhiteElo "1366"]
[BlackElo "1643"]
[PlyCount "127"]
[EventDate "2022.09.01"]
[EventRounds "9"]
[EventCountry "BRA"]

1. c4 Nf6 2. Nf3 e6 3. g3 d5 4. Bg2 Be7 5. O-O O-O 6. cxd5 Nxd5 7. Nc3 Nxc3 8.
dxc3 Nd7 9. b3 Rb8 10. Bb2 b6 11. c4 Bb7 12. Nd4 Bxg2 13. Kxg2 Qe8 14. Nc6 Ra8
15. Nxe7+ Qxe7 16. Qc2 Rad8 17. Rad1 Nf6 18. Rxd8 Rxd8 19. Rd1 c5 20. Rxd8+
Qxd8 21. Bxf6 Qxf6 22. Qd2 Qe7 23. e4 f6 24. f4 {(=)} a6 25. a4 Kf7 26. Kf3 h5
27. h4 Qb7 28. Ke3 Ke7 29. f5 exf5 30. exf5 Qc7 31. Qf2 Qe5+ 32. Kd3 Qd6+ 33.
Kc3 Kf7 34. Qf3 Qe5+ 35. Kc2 Kg8 36. Qxh5 Qe4+ 37. Kc3 Qe1+ 38. Kc2 Qf2+ 39.
Kd1 Kf8 40. Qh8+ Kf7 41. Qh5+ Ke7 42. Qe2+ Qxe2+ 43. Kxe2 Kd6 44. Ke3 Ke5 45.
g4 Kd6 46. Ke4 Kc6 47. g5 fxg5 48. hxg5 Kd6 49. f6 g6 50. f7 Ke7 51. f8=Q+ Kxf8
52. Kd5 Kf7 53. Kc6 Ke6 54. Kxb6 Kf5 55. Kxa6 Kxg5 56. Kb6 Kf4 57. a5 g5 58. a6
g4 59. a7 Kg3 60. a8=Q Kf2 61. Kxc5 g3 62. b4 g2 63. Qxg2+ Kxg2 64. b5 1-0

[Event "Aberto Brasil - II Niterói Chess Open "]
[Site "Salão de Convenções do Hot"]
[Date "2022.09.06"]
[Round "8.80"]
[White "Silva, Juliana Figueira Th"]
[Black "Pereira, Armando Scharlau"]
[Result "0-1"]
[WhiteElo "1328"]
[BlackElo "1602"]
[PlyCount "154"]
[EventDate "2022.09.01"]
[EventRounds "9"]
[EventCountry "BRA"]

1. Nf3 Nf6 2. g3 d6 3. Bg2 g6 4. d3 Bg7 5. O-O O-O 6. Nc3 c6 7. e4 e5 8. Kh1
Nbd7 9. Ne1 b5 10. a3 Nb6 11. f4 Bd7 12. Be3 Qc7 13. Nf3 Ng4 14. Bg1 Rad8 15.
Qe2 a6 16. h3 Nh6 17. Qd2 f6 18. g4 Nf7 19. Be3 Bc8 20. Qf2 Nd7 21. f5 g5 22.
h4 h6 23. d4 Qb7 24. Rad1 b4 25. Ne2 a5 26. Ng3 exd4 27. Bxd4 Nde5 28. Bxe5
Nxe5 29. Nxe5 dxe5 30. Qc5 Qc7 31. axb4 axb4 32. Qxb4 gxh4 33. Ne2 Ba6 34. Qb3+
Kh7 35. Qf3 Qb6 36. b3 Qb4 37. Rfe1 Bxe2 38. Qxe2 Rfe8 39. Qf2 Qc3 40. Bf1 Bf8
41. Bd3 Be7 42. Qxh4 Rg8 43. Rg1 Rg5 44. Rg3 Qc5 45. Rh3 Bf8 46. Rg1 Qc3 47.
Qe1 Qxe1 48. Rxe1 Rxg4 49. Rg1 Rxg1+ 50. Kxg1 Bc5+ 51. Kg2 Rg8+ 52. Kf3 Rg1 53.
Rh2 Bd4 54. Bc4 c5 55. Ke2 Rg3 56. Bf7 Re3+ 57. Kd2 Rxe4 58. Kd3 Rg4 59. Bd5
Bg1 60. Re2 Rd4+ 61. Kc3 Rxd5 62. Kc4 Rd1 63. Rg2 Be3 64. c3 Rf1 65. Rg3 Rf4+
66. Kd5 Bf2 67. Rd3 Rxf5 68. Ke6 Kg6 69. Rd8 Rf3 70. Rg8+ Kh5 71. Rg2 Bh4 72.
Rc2 e4 73. Kd5 f5 74. Kxc5 Bf6 75. b4 Rxc3+ 76. Rxc3 Bxc3 77. b5 Ba5 0-1

[Event "Aberto Brasil - II Niterói Chess Open "]
[Site "Salão de Convenções do Hot"]
[Date "2022.09.06"]
[Round "8.81"]
[White "Dioscanio, Rafael Cacador"]
[Black "De Oliveira, Francemir Barra"]
[Result "1-0"]
[WhiteElo "1787"]
[BlackElo "1599"]
[PlyCount "80"]
[EventDate "2022.09.01"]
[EventRounds "9"]
[EventCountry "BRA"]

1. d4 Nf6 2. Nf3 d5 3. c4 c6 4. Nc3 Bg4 5. Ne5 Bf5 6. cxd5 cxd5 7. Bf4 a6 8. g3
h6 9. Bg2 e6 10. Qb3 Ra7 11. O-O Be7 12. Qa4+ Nbd7 13. Nb5 Ra8 14. Nxd7 axb5
15. Nxf6+ Bxf6 16. Qxb5+ Kf8 17. Rfc1 g5 18. Bd2 Kg7 19. e3 h5 20. h3 Qg8 21.
Rc7 Qh7 22. Qxb7 Rhf8 23. Bb4 Be4 24. Bxf8+ Rxf8 25. Bxe4 Qxe4 26. Qb5 Kh6 27.
a4 g4 28. Qf1 h4 29. Qg2 Qf5 30. hxg4 Qxg4 31. gxh4 Qe2 32. Kh1 Bxh4 33. Qh2
Kh5 34. Rg1 Qf3+ 35. Qg2 Qf5 36. f3 Rg8 37. Qg4+ Rxg4 38. fxg4+ Qxg4 39. Rxg4
Kxg4 40. Rxf7 Be1 1-0

[Event "Aberto Brasil - II Niterói Chess Open "]
[Site "Salão de Convenções do Hot"]
[Date "2022.09.06"]
[Round "8.82"]
[White "Lisboa, Erico Fagundes Anic"]
[Black "Pessoa, Vitor Henrique Leop"]
[Result "0-1"]
[WhiteElo "1592"]
[BlackElo "1250"]
[PlyCount "102"]
[EventDate "2022.09.01"]
[EventRounds "9"]
[EventCountry "BRA"]

1. d4 Nf6 2. c4 g6 3. Nc3 d5 4. Nf3 Bg7 5. Bg5 c6 6. e3 O-O 7. Bd3 Nbd7 8. O-O
Re8 9. Rc1 h6 10. Bh4 e6 11. Ne5 Qc7 12. cxd5 Nxe5 13. Nb5 Qb6 14. dxe5 Nxd5
15. Nd6 Rf8 16. e4 Nf4 17. Be7 Bxe5 18. Bxf8 Kxf8 19. Nc4 Qc7 20. Nxe5 Qxe5 21.
Rc2 Bd7 22. g3 Nh5 23. Re1 Rd8 24. Qd2 g5 25. Qc3 Qxc3 26. Rxc3 e5 27. Bc4 Bh3
28. Rd3 Rd4 29. Rxd4 exd4 30. b4 Bg4 31. Be2 Bxe2 32. Rxe2 Ng7 33. Rd2 Ne6 34.
Kg2 Ke7 35. Kf3 h5 36. h3 Kd6 37. Rd3 Ke5 38. Ra3 a6 39. Ra5+ Kf6 40. Rf5+ Kg6
41. a4 d3 42. Ke3 Nd4 43. Kxd3 Nxf5 44. exf5+ Kxf5 45. Kd4 b6 46. a5 bxa5 47.
bxa5 Ke6 48. Kc5 Kd7 49. Kb6 g4 50. h4 Kd6 51. Kxa6 Kc7 0-1

[Event "Aberto Brasil - II Niterói Chess Open "]
[Site "Salão de Convenções do Hot"]
[Date "2022.09.06"]
[Round "8.83"]
[White "Silva, Joao Paulo Gomes"]
[Black "Fonseca, Marcelo Lobo"]
[Result "1-0"]
[WhiteElo "1587"]
[BlackElo "1800"]
[PlyCount "65"]
[EventDate "2022.09.01"]
[EventRounds "9"]
[EventCountry "BRA"]

1. Nf3 d5 2. c4 d4 3. g3 Nc6 4. Bg2 e5 5. O-O Nf6 6. d3 Be7 7. b4 Bxb4 8. Nxe5
Nxe5 9. Qa4+ c6 10. Qxb4 a5 11. Qe1 O-O 12. Nd2 a4 13. Nf3 Nxf3+ 14. Bxf3 Bh3
15. Bg2 Qd7 16. Rb1 Bxg2 17. Kxg2 h5 18. Qb4 Rfb8 19. Bf4 Re8 20. Rfe1 Qf5 21.
Qxb7 g5 22. Bd6 Ng4 23. Rf1 Rxe2 24. Qxa8+ Kh7 25. Kg1 Qf3 26. Rb8 Nxf2 27.
Rh8+ Kg6 28. Rg8+ Kh7 29. Rh8+ Kg6 30. Qg8+ Kf6 31. Rh6+ Kf5 32. Qxf7+ Kg4 33.
Qxf3+ 1-0

[Event "Aberto Brasil - II Niterói Chess Open "]
[Site "Salão de Convenções do Hot"]
[Date "2022.09.06"]
[Round "8.85"]
[White "Vargas, Victor Da Silva"]
[Black "De Almeida, Olivan Duarte"]
[Result "1-0"]
[WhiteElo "1776"]
[BlackElo "1518"]
[PlyCount "55"]
[EventDate "2022.09.01"]
[EventRounds "9"]
[EventCountry "BRA"]

1. c4 e5 2. g3 Nf6 3. Bg2 d5 4. cxd5 Nxd5 5. Nc3 Nxc3 6. bxc3 c6 7. Nf3 Bd6 8.
O-O O-O 9. d4 exd4 10. cxd4 Re8 11. Bg5 Qa5 12. e3 Bg4 13. Bf4 Bxf4 14. exf4
Na6 15. Qb3 Qb4 16. Qd3 f6 17. Rfb1 Qd6 18. Rxb7 Nc7 19. Rc1 Be6 20. Nd2 Nb5
21. Bxc6 Nxd4 22. Bxe8 Rxe8 23. Rcc7 Bd5 24. Qxd4 Re1+ 25. Nf1 Rxf1+ 26. Kxf1
Bg2+ 27. Kxg2 Qxd4 28. Rc8+ 1-0

[Event "Aberto Brasil - II Niterói Chess Open "]
[Site "Salão de Convenções do Hot"]
[Date "2022.09.06"]
[Round "8.89"]
[White "De Carvalho, Amauri"]
[Black "De Souza, Roberto Fabelino"]
[Result "0-1"]
[WhiteElo "1204"]
[BlackElo "1742"]
[PlyCount "90"]
[EventDate "2022.09.01"]
[EventRounds "9"]
[EventCountry "BRA"]

1. Nf3 Nf6 2. g3 c5 3. Bg2 d5 4. d3 Nc6 5. c3 e5 6. Nbd2 Be7 7. O-O O-O 8. Re1
e4 9. dxe4 dxe4 10. Ng5 e3 11. fxe3 Ng4 12. Nxh7 Kxh7 13. Be4+ f5 14. Bf3 Nxe3
15. Qa4 Bd7 16. Qb3 Qb6 17. Rb1 c4 18. Qxb6 axb6 19. a3 Ne5 20. Nf1 Nxf3+ 21.
exf3 Nxf1 22. Rxe7 Bc6 23. Kxf1 Bxf3 24. Kf2 Be4 25. Ra1 Kg6 26. Be3 Kf6 27.
Rd7 Ra5 28. Rad1 Bd3 29. Rxb7 Re8 30. Rxb6+ Kf7 31. Rb7+ Kg8 32. Rd2 Rae5 33.
Ra7 Rxe3 34. a4 Re2+ 35. Rxe2 Rxe2+ 36. Kf3 Rxb2 37. h3 Rb3 38. Kf4 Rxc3 39. g4
fxg4 40. hxg4 Ra3 41. Kg5 c3 42. Rc7 c2 43. Rc8+ Kh7 44. Kh5 Rxa4 45. g5 Bg6#
0-1

[Event "Aberto Brasil - II Niterói Chess Open "]
[Site "Salão de Convenções do Hot"]
[Date "2022.09.06"]
[Round "8.90"]
[White "De Oliveira, Joao Eudes"]
[Black "Catalan Gonzalez, Arturo"]
[Result "1/2-1/2"]
[WhiteElo "1643"]
[BlackElo "1442"]
[PlyCount "102"]
[EventDate "2022.09.01"]
[EventRounds "9"]
[EventCountry "BRA"]

1. d4 Nf6 2. Nf3 c5 3. c3 cxd4 4. cxd4 Nc6 5. Nc3 d5 6. Bg5 Be6 7. e3 Qb6 8.
Qc1 O-O-O 9. Be2 h6 10. Bh4 g5 11. Bg3 Nh5 12. a3 Nxg3 13. hxg3 Bg7 14. b4 f5
15. Na4 Qc7 16. Qd2 Qd6 17. Rc1 Kb8 18. b5 Nxd4 19. Nxd4 Bd7 20. Nc5 e5 21.
Nxd7+ Qxd7 22. Nb3 b6 23. O-O h5 24. Rc6 h4 25. g4 fxg4 26. Rfc1 g3 27. f4 h3
28. Rc7 Qf5 29. Qd1 hxg2 30. Bg4 Rh1+ 31. Kxg2 Rxd1 32. Bxf5 Rxc1 33. Rxc1 gxf4
34. exf4 exf4 35. Rd1 d4 36. Rd3 Be5 37. a4 Kc7 38. Nd2 Kd6 39. Bg4 Kc5 40. Bd1
Kd5 41. Bb3+ Kc5 42. Nf3 Re8 43. Nd2 Rf8 44. Nf3 Re8 45. Nd2 Rf8 46. Kf3 Re8
47. Ne4+ Kb4 48. Bd1 Kc4 49. Be2 Kb4 50. Bd1 Kc4 51. Bc2 Re7 1/2-1/2

[Event "Aberto Brasil - II Niterói Chess Open "]
[Site "Salão de Convenções do Hot"]
[Date "2022.09.06"]
[Round "8.94"]
[White "Fernandes, Gabriel Bourdon"]
[Black "Rabello, Lorenzzo Urubatan B"]
[Result "1-0"]
[WhiteElo "1201"]
[BlackElo "1266"]
[PlyCount "75"]
[EventDate "2022.09.01"]
[EventRounds "9"]
[EventCountry "BRA"]

1. c4 c5 2. Nc3 Nc6 3. g3 d6 4. Bg2 Nf6 5. d3 e6 6. e4 Be7 7. Nf3 O-O 8. O-O
Bd7 9. a3 Qc8 10. h3 Ne8 11. Be3 a6 12. Na4 Rb8 13. Nb6 Qc7 14. Nxd7 Qxd7 15.
Qd2 d5 16. cxd5 exd5 17. exd5 Qxd5 18. Nd4 Qd7 19. Nxc6 bxc6 20. Rab1 Nf6 21.
Qa5 Qxd3 22. Qc7 Qd6 23. Qxd6 Bxd6 24. Bxc6 Rb3 25. Ba4 Rd3 26. Bc2 Rd5 27. Bb3
Rh5 28. Kg2 Re8 29. g4 Nxg4 30. hxg4 Rh2+ 31. Kg1 Re4 32. Bd1 f5 33. gxf5 Reh4
34. Bf3 R2h3 35. Bg2 Rg4 36. f3 Rgg3 37. Rbd1 Be7 38. Kf2 1-0

[Event "Aberto Brasil - II Niterói Chess Open "]
[Site "Salão de Convenções do Hot"]
[Date "2022.09.06"]
[Round "8.95"]
[White "Souza, Dion Avalone"]
[Black "De Napole, Jo"]
[Result "1-0"]
[WhiteElo "1750"]
[BlackElo "1429"]
[PlyCount "63"]
[EventDate "2022.09.01"]
[EventRounds "9"]
[EventCountry "BRA"]

1. e4 e5 2. Nf3 Nc6 3. Bc4 Bc5 4. Nc3 Nf6 5. O-O d6 6. d3 O-O 7. Bg5 h6 8. Bh4
Be6 9. Qd2 Bxc4 10. dxc4 Nd4 11. Nxd4 Bxd4 12. Bxf6 Qxf6 13. Nd5 Qg6 14. Ne7+
Kh7 15. Nxg6 fxg6 16. c3 Bb6 17. a4 c6 18. Qxd6 Rad8 19. Qxe5 Rde8 20. Qd6 Rd8
21. Qe7 Rde8 22. Qxb7 Rxe4 23. Qxc6 Re2 24. c5 Ba5 25. b4 Bd8 26. Rae1 Rf6 27.
Qxf6 Bxf6 28. Rxe2 Bxc3 29. b5 Bd4 30. c6 Bb6 31. Re7 Bd8 32. Rxa7 1-0

[Event "Aberto Brasil - II Niterói Chess Open "]
[Site "Salão de Convenções do Hot"]
[Date "2022.09.06"]
[Round "8.98"]
[White "De Abreu, Luiza Reis Rodrigue"]
[Black "Vaz, Vania Dora Madona"]
[Result "1-0"]
[WhiteElo "1742"]
[BlackElo "1240"]
[PlyCount "71"]
[EventDate "2022.09.01"]
[EventRounds "9"]
[EventCountry "BRA"]

1. c4 e6 2. Nf3 d5 3. d4 Nf6 4. Nc3 Be7 5. Bf4 a6 6. e3 O-O 7. Be2 b6 8. O-O
Nbd7 9. Qc2 Bb7 10. cxd5 Nxd5 11. Nxd5 Bxd5 12. Rfc1 c5 13. e4 Bb7 14. Rd1 Rc8
15. Qd2 Nf6 16. dxc5 Bxc5 17. Qxd8 Rfxd8 18. Bg5 Rxd1+ 19. Rxd1 h6 20. Bxf6
gxf6 21. e5 fxe5 22. Nxe5 Rc7 23. h3 b5 24. a3 Bd5 25. b4 Bd6 26. Nf3 f5 27. h4
Kg7 28. Nd4 Kf6 29. Bf3 Rc3 30. Bxd5 exd5 31. Re1 Be5 32. Nf3 d4 33. Rxe5 Rc1+
34. Kh2 d3 35. Rd5 Rc3 36. Rd6+ 1-0